Normal view
MARC view
Entry Topical Term
001 - CONTROL NUMBER
- control field: 91307
003 - CONTROL NUMBER IDENTIFIER
- control field: BDCtgAUW
005 - DATE AND TIME OF LATEST TRANSACTION
- control field: 20260406155229.0
008 - FIXED-LENGTH DATA ELEMENTS
- fixed length control field: 260406|| aca||aabn | a|a d
040 ## - CATALOGING SOURCE
- Original cataloging agency: BDCtgAUW
- Transcribing agency: BDCtgAUW
150 ## - HEADING--TOPICAL TERM
- Topical term or geographic name entry element: Engraving
- Geographic subdivision: New York(State)
- General subdivision: Catalogs
670 ## - SOURCE DATA FOUND
- Source citation: Work cat.: (BDCtgAUW)18194: The New York Public Library. 16584, American historical prints--early views of american cities., 1933.